000 00437nam a2200181Ia 4500
001 19500
005 20260306172657.0
008 260306t2009||||xx |||||||||||||| ||spa||
041 _aESP
082 _a340.1
_bA87
100 _aAtienza, Manuel
_eAUT
245 0 _aPara una teoría postpositivista del derecho
260 _c2009
300 _a305 páginas :
_c20 cm.
650 _aGEN
654 _aCDE
942 _cLIB
_dJUS
_fJUS
_2ddc
_n
999 _c19500
_d19500